| 000 | 00793cam a2200205 a 4500 | ||
|---|---|---|---|
| 001 | 000002574 | ||
| 005 | 20200929150221.0 | ||
| 008 | 961004s1995 ck b 000 p spa | ||
| 040 |
_aDO-SdBNP _bspa _cBNPHU |
||
| 082 |
_aC861.0864 _bG633a |
||
| 100 | 1 |
_aGómez Valderrama, Pedro, _d1923-1992 _98103 |
|
| 245 | 1 | 0 |
_aAntología de Pedro Gómez Valderrama : _bprosa y poesía / _cprólogo y selección por Jorge Eliécer Ruiz. |
| 260 |
_aSantafé de Bogotá [Colombia] : _bInstituto Caro y Cuervo, _c1995. |
||
| 300 |
_a324 p. ; _c20 cm. |
||
| 440 | 3 |
_aLa Granada entreabierta ; _v75 _98104 |
|
| 504 | _aIncluye referencias bibliográficas p. 33-47. | ||
| 650 | 4 |
_aPoesía colombiana _xColecciones _98105 |
|
| 650 | 4 |
_aLiteratura colombiana _xColecciones _98106 |
|
| 700 | 1 |
_aRuiz, Jorge Eliécer. _96259 |
|
| 999 |
_c2410 _d2410 |
||